00302nam a2200133Ia 45000030006000000080041000060400015000471000016000622450041000782500011001192600009001305460012001390050017001510STCL150530s9999 xx 000 0 und d aSTCLcSTCL aCook, E.T.. aLife of John Ruskin Vol-II 1860-1900 aSecond c1912 aEnglish20220125171154.0